Il processo /

שמור ב:
מידע ביבליוגרפי
מחבר ראשי: Kafka, Franz, (1883-1924) (Author)
מחברים אחרים: Levi, Primo, (1919-1987)
פורמט: ספר
שפה:איטלקית
יצא לאור: [Roma] : Torino : L'Unità ; Einaudi, 1996
סדרה:I libri dell'Unità. Scrittori tradotti da scrittori ; 1
תגים: הוספת תג
אין תגיות, היה/י הראשונ/ה לתייג את הרשומה!

MARC

LEADER 00000nam a22000007i 4500
001 IT\ICCU\RAV\0268029
003 ItRI
005 20260115232253.0
008 960221s1996 it |||||| ||||| |||||c
040 |b ita  |c importazione bologna sebina 
041 7 |a ita  |2 ISO-639-2 
082 |a 833.912  |9 NARRATIVA TEDESCA. 1900-1945  |2 19 
082 |a 833.9  |9 NARRATIVA TEDESCA, 1900-  |2 20 
100 1 |a Kafka, Franz,  |d  (1883-1924)  |0 IT\ICCU\CFIV\005851  |4 aut 
240 1 4 |a Der Prozess  |3 IT\ICCU\SIP\0059470  |9 Kafka, Franz <1883-1924> 
245 1 3 |a Il processo /  |c Franz Kafka ; traduzione di Primo Levi. 
260 |a [Roma] :  |b L'Unità ;  |a Torino :  |b Einaudi,  |c 1996 
300 |a V, 250 p. ;  |c 17 cm 
500 |a Supplemento a: L'Unità, n. 6 (12 feb. 1996) 
500 |a Edizione fuori commercio riservata ai lettori e abbonati dell'Unità 
700 1 |a Levi, Primo,  |d  (1919-1987)  |0 IT\ICCU\CFIV\007684 
790 0 |a Ka fu ka  |3 IT\ICCU\LO1V\260689  |z Kafka, Franz (1883-1924) 
790 0 |a Kafuka  |3 IT\ICCU\LO1V\263034  |z Kafka, Franz (1883-1924) 
790 1 |a Malabaila, Damiano  |3 IT\ICCU\LO1V\173705  |z Levi, Primo (1919-1987) 
830 2 |a I libri dell'Unità. Scrittori tradotti da scrittori ;  |v 1  |0 IT\ICCU\RAV\0267979 
942 |2 ddc  |c BK  |n 0 
952 |0 0  |1 0  |4 0  |6 DOC_833_912000000000000_KAF  |7 0  |9 23344  |a BO  |b BO  |d 2026-01-15  |i 9090  |l 0  |o DOC 833.912 KAF  |p BO9090  |r 2026-01-15 23:22:53  |w 2026-01-15  |x [Sebina 5] [1 v.]  |y BK  |z 1 v. 
999 |c 19899  |d 19899